000
00298nam a22001337a 4500
008
171006b xxu||||| |||| 00| 0 eng d
020
_a
9780520087996
041
_a
eng
080
_a
159.9
100
_a
49
101
_a
PSI
245
_a
RHETORICS OF SELF-MAKING
_c
BATTAGLIA, D
942
_2
udc
_c
BK
999
_c
32211
_d
32211